ბათუმის შოთა რუსთაველის სახელმწიფო უნივერსიტეტის ბიბლიოთეკა

ჩანაწერი Corporate Name

ჩანაწერთა რაოდენობა, რომელიც გამოყენებულია: 1

001 - CONTROL NUMBER

  • control field: 15341

003 - CONTROL NUMBER IDENTIFIER

  • control field: GE_BSU

005 - DATE AND TIME OF LATEST TRANSACTION

  • control field: 20221017143541.0

008 - FIXED-LENGTH DATA ELEMENTS

  • fixed length control field: 221017|| aca||aabn | a|a d

040 ## - CATALOGING SOURCE

  • Original cataloging agency: GE_BSU
  • Transcribing agency: GE_BSU

110 ## - HEADING--CORPORATE NAME

  • Corporate name or jurisdiction name as entry element: საქ. სსრ მეცნ. აკად., დ. უზნაძის სახ. ფსიქოლოგიის ინ-ტი.

670 ## - SOURCE DATA FOUND

  • Source citation: Work cat.: (GE_BSU): უზნაძე, დიმიტრი 746, შრომები. ტ. 3-4, ზოგადი ფსიქოლოგია /